Statistiken für Tiere mit lustigen Namen 1

Klicken Sie hier um das Quiz zu spielen!

Allgemein

  • Dieses Quiz wurde 1.586 mal gespielt
    (1.578 seit der letzten Aktualisierung)
  • Das Durchschnittsergebnis liegt bei 8 aus 15

Antwortstatistiken

FrageAntwort% Korrekt
VielfraßMarder
79%
Wandelnde GeigeFangschrecke
75%
Heilige PillendreherKäfer
73%
SekretärVogel
65%
TaubenschwänzchenFalter
63%
WaldbrettspielSchmetterling
60%
Grüne MeerkatzeAltweltaffe
53%
PalmendiebKrebs
52%
Schokoladen-FruchtzwergFledermaus
45%
StumpfnaseAffe
42%
Rosa LöfflerVogel
41%
Lachender HansEisvogel
38%
SchleimkopfFisch
32%
SanddollarSeeigel
31%
MeerwalnussQualle
15%

Verteilung der Resultate

Perzentil nach korrekt beantworteten Fragen

Anzahl Personen mit jedem Resultat

Ihre Resultats-Entwicklung

Sie haben dieses Quiz seit der letzten Aktualisierung nicht gespielt